Produkční ukazovatele prasnic při zkrmování krmných směsí s energeticko-vitamínovým doplňkem ; Bohumila Písaříková, Stanislav navrátil, Ivan Herzig, Miriam Toulová, Zdeněk Knotek, Milena Maňasková, Augustín Blízek

Bibliographic Details
Main Authors: Písaříková, Bohumila (Author), Navrátil, Stanislav (Author), Herzig, Ivan (Author), Toulová, Miriam (Author), Knotek, Zdeněk, 1956- (Author), Maňasková, Milena (Author), Blízek, Augustín (Author)
Format: Article
Language:Czech
Subjects:

MARC

LEADER 00000nab a2200000 a 4500
001 vtls000387483
003 SK-MaSNL
005 20260302223221.0
008 160201c1989 xo 0 cze
015 |a SNBRA19rr/mm-uuuuu 
035 |a CL0387606 
040 |a SNKBUCL  |b slo  |c SNKBUCL  |e AACR2 
041 0 |a cze 
044 |a xo  |c SK 
080 |a 636.4.087.7  |2 1981 
245 0 0 |a Produkční ukazovatele prasnic při zkrmování krmných směsí s energeticko-vitamínovým doplňkem ; Bohumila Písaříková, Stanislav navrátil, Ivan Herzig, Miriam Toulová, Zdeněk Knotek, Milena Maňasková, Augustín Blízek 
650 0 7 |a kŕmne zmesi  |2 snkbucl  |9 71250 
650 0 7 |a ošípané  |2 snkbucl  |9 2795 
650 0 7 |a prasnice  |2 snkbucl  |9 2806 
655 7 |a články zo zborníkov  |2 snkbucl  |9 166140 
700 1 |a Písaříková, Bohumila  |4 aut  |9 830862 
700 1 |a Navrátil, Stanislav  |4 aut  |9 281142 
700 1 |a Herzig, Ivan  |4 aut  |9 497209 
700 1 |a Toulová, Miriam  |4 aut  |9 952520 
700 1 |a Knotek, Zdeněk,  |d 1956-  |4 aut  |9 118646 
700 1 |a Maňasková, Milena  |4 aut  |9 952521 
700 1 |a Blízek, Augustín  |4 aut  |9 952522 
773 0 |t Technológie výroby a využitia krmív, kŕmnych zmesí a kŕmnych doplnkov vo výžive hospodárskych zvierat  |d Košice : Dom techniky ČSVTS, 1989 
850 |a Slovenská národná knižnica v Martine  |a MTA001 
852 |a SNK  |b KIS3GCP 
958 |a RK 
958 |a CZ 
992 |a RZB 
999 |c 1519621  |d 1521551